[Event "Rated Blitz tournament hONhNQkS"]
[Site "?"]
[Date "2021.02.07"]
[Round "?"]
[White "KreuzritterImZoo"]
[Black "Schachelite"]
[Result "1-0"]
[WhiteElo "2581"]
[BlackElo "2448"]
[PlyCount "185"]
[EventDate "2021.??.??"]
[EventType "blitz"]

1. e4 e5 2. Nf3 d5 3. Bb5+ c6 4. Ba4 dxe4 5. Nxe5 Qd4 6. Nxf7 Kxf7 7. Bb3+ Be6
8. Bxe6+ Kxe6 9. Qg4+ Kf7 10. Nc3 Nf6 11. Qf5 Nbd7 12. d3 exd3 13. O-O d2 14.
Bxd2 Qxd2 15. Rad1 Qh6 16. Rxd7+ Be7 17. Re1 Rhe8 18. Qe6+ Kf8 19. Rxe7 Rxe7
20. Qxe7+ Kg8 21. Qe6+ Kh8 22. Qf7 Qd2 23. Rd1 Qxc2 24. Qxb7 Re8 25. h3 h6 26.
Qxc6 Qxb2 27. Nd5 Rd8 28. Kh2 Qe5+ 29. f4 Qd6 30. Qxd6 Rxd6 31. Nc3 Rc6 32. Rd3
Kh7 33. g4 Ra6 34. Kg2 Ra3 35. Kf3 Nd5 36. Rxd5 Rxc3+ 37. Ke4 Ra3 38. h4 Rxa2
39. h5 Rg2 40. Kf5 Rb2 41. Rd7 Rb5+ 42. Ke4 Rb4+ 43. Ke3 Rb3+ 44. Ke4 Rb4+ 45.
Ke5 Rb5+ 46. Ke6 Rb6+ 47. Kf7 Rb4 48. f5 Rxg4 49. Rxa7 Rg5 50. Ke6 Rxh5 51. f6
Rh1 52. Rxg7+ Kh8 53. Ra7 Re1+ 54. Kf5 Rg1 55. Ra8+ Kh7 56. f7 Rf1+ 57. Ke6 Kg7
58. Rg8+ Kh7 59. f8=Q Rxf8 60. Rxf8 Kg7 61. Rf7+ Kg6 62. Rf2 Kg5 63. Rg2+ Kf4
64. Rh2 Kg5 65. Ke5 Kg4 66. Ke4 h5 67. Rh1 Kg5 68. Ke3 h4 69. Rg1+ Kf5 70. Kf2
Kf4 71. Rh1 Kg4 72. Kg1 Kg3 73. Rh2 Kg4 74. Kh1 Kg3 75. Rb2 Kg4 76. Rb3 Kf4 77.
Kh2 Kg4 78. Rb4+ Kg5 79. Kh3 Kh5 80. Rxh4+ Kg5 81. Rg4+ Kf5 82. Kg3 Kf6 83.
Rf4+ Kg5 84. Kf3 Kg6 85. Ke4 Kg5 86. Ke5 Kg6 87. Rf5 Kg7 88. Rf6 Kh7 89. Ke6
Kg7 90. Ke7 Kh8 91. Kf7 Kh7 92. Re6 Kh8 93. Rh6# {Normal} 1-0

[Event "Rated Blitz game"]
[Site "?"]
[Date "2021.02.06"]
[Round "?"]
[White "samqr33"]
[Black "FTR_BBC"]
[Result "1-0"]
[WhiteElo "2386"]
[BlackElo "2404"]
[PlyCount "119"]
[EventDate "2021.??.??"]
[EventType "blitz"]

1. e4 e5 2. Nf3 d5 3. Nxe5 Bd6 4. d4 dxe4 5. Nc4 Be7 6. Nc3 Nf6 7. Bg5 Bf5 8.
h3 Bg6 9. g4 h6 10. Bh4 Nc6 11. d5 Nxd5 12. Bxe7 Ndxe7 13. Bg2 Qxd1+ 14. Rxd1
Nb4 15. Rd2 e3 16. Nxe3 O-O 17. a3 Nbc6 18. O-O h5 19. Rfd1 hxg4 20. hxg4 f5
21. Ncd5 Nxd5 22. Bxd5+ Kh7 23. gxf5 Bh5 24. f3 Ne5 25. Kf2 c6 26. Be4 Kg8 27.
Rh1 Bf7 28. b3 Rfd8 29. Rhd1 Rxd2+ 30. Rxd2 a5 31. a4 Re8 32. Kg3 Re7 33. Kf4
Be8 34. Ng4 Nxg4 35. fxg4 Kf8 36. g5 Rc7 37. Rd8 Ke7 38. Ra8 b6 39. Ke5 Bd7 40.
Rb8 b5 41. axb5 cxb5 42. f6+ gxf6+ 43. gxf6+ Kf7 44. Bd5+ Kg6 45. f7 Rxc2 46.
f8=Q Re2+ 47. Kd6 Bf5 48. Qf7+ Kg5 49. Rg8+ Kf4 50. Qf6 Rd2 51. Rg5 Rxd5+ 52.
Kxd5 Ke3 53. Qxf5 a4 54. Qe4+ Kd2 55. Rg2+ Kc3 56. bxa4 bxa4 57. Rg3+ Kb2 58.
Qg2+ Kc1 59. Rf3 Kd1 60. Rf1# {Normal} 1-0

[Event "Rated Blitz game"]
[Site "?"]
[Date "2021.02.06"]
[Round "?"]
[White "farrookh"]
[Black "tactinhos2900"]
[Result "0-1"]
[WhiteElo "2384"]
[BlackElo "2560"]
[PlyCount "58"]
[EventDate "2021.??.??"]
[EventType "blitz"]

1. e4 e5 2. Nf3 d5 3. d4 dxe4 4. Nxe5 Bd6 5. Nc4 Nc6 6. Nc3 Nf6 7. Be3 O-O 8.
Qd2 Bb4 9. a3 Bxc3 10. Qxc3 Nd5 11. Qd2 f5 12. g3 b5 13. Ne5 Nxe5 14. dxe5 c6
15. O-O-O Be6 16. Bc5 Rf7 17. Kb1 a5 18. c4 bxc4 19. Bxc4 Rb8 20. Bd6 Rbb7 21.
Ka1 Qd7 22. Rhe1 a4 23. g4 h6 24. gxf5 Rxf5 25. Rxe4 Qf7 26. f3 Rxf3 27. Rg1
Nc3 28. Bxe6 Qxe6 29. Reg4 Qa2# {Normal} 0-1

[Event "Rated Blitz game"]
[Site "?"]
[Date "2021.02.06"]
[Round "?"]
[White "Swop1107"]
[Black "lederman"]
[Result "1-0"]
[WhiteElo "2416"]
[BlackElo "2379"]
[PlyCount "123"]
[EventDate "2021.??.??"]
[EventType "blitz"]

1. e4 e5 2. Nf3 d5 3. exd5 Qxd5 4. Nc3 Qe6 5. Bb5+ Bd7 6. O-O Nc6 7. Bxc6 Bxc6
8. Nxe5 O-O-O 9. Nxc6 Qxc6 10. d3 Nf6 11. Bg5 h6 12. Bh4 g5 13. Bg3 h5 14. Re1
h4 15. Be5 h3 16. Qf3 Qxf3 17. gxf3 Rh6 18. Ne4 Nd5 19. a3 f6 20. Bc3 c6 21.
Ng3 Rh7 22. Re6 Rf7 23. Nf5 Kd7 24. Rae1 Nxc3 25. bxc3 Bxa3 26. R6e4 Bf8 27.
Ra4 a6 28. Rb1 Kc7 29. f4 g4 30. c4 Re8 31. Kf1 Bd6 32. Rxb7+ Kxb7 33. Nxd6+
Kc7 34. Nxf7 Re7 35. Nh6 Kb6 36. Nxg4 a5 37. Ne3 Rg7 38. d4 f5 39. d5 Re7 40.
d6 Rd7 41. c5+ Kxc5 42. Rxa5+ Kxd6 43. Rxf5 Ke6 44. Rh5 Rd4 45. Rxh3 Rxf4 46.
Ke2 Ke5 47. Rh5+ Kd4 48. Rh6 c5 49. Rd6+ Kc3 50. Rd3+ Kb4 51. c4 Rh4 52. Nf1
Kxc4 53. Rg3 Rd4 54. Ne3+ Kb4 55. Rg4 Rxg4 56. Nxg4 Kb3 57. Ne5 c4 58. Ke3 c3
59. Nd3 Kc2 60. h4 Kd1 61. h5 c2 62. h6 {Normal} 1-0

[Event "Rated Blitz game"]
[Site "?"]
[Date "2021.02.06"]
[Round "?"]
[White "SuperConfinado"]
[Black "tactinhos2900"]
[Result "1-0"]
[WhiteElo "2562"]
[BlackElo "2562"]
[PlyCount "73"]
[EventDate "2021.??.??"]
[EventType "blitz"]

1. e4 e5 2. Nf3 d5 3. exd5 e4 4. Qe2 Be7 5. Qxe4 Nf6 6. Qa4+ c6 7. dxc6 O-O 8.
Bb5 a6 9. O-O axb5 10. Qxa8 Nxc6 11. Nc3 Qb6 12. d3 Bg4 13. Be3 Bc5 14. Bxc5
Qxc5 15. Qxb7 Bxf3 16. Qxb5 Qd6 17. Rfe1 Rb8 18. Qg5 Ng4 19. Qh4 Nd4 20. Qg3
Qxg3 21. hxg3 Bc6 22. Rac1 Rxb2 23. Rb1 Rxb1 24. Rxb1 h5 25. a4 Nxc2 26. Rb6
Nd4 27. a5 Ne5 28. a6 Nd7 29. Rb4 Ne6 30. a7 Nc7 31. d4 Kf8 32. d5 Ba8 33. Rb8+
Ke7 34. d6+ Kxd6 35. Nb5+ Nxb5 36. Rxa8 Nc7 37. Rd8 {Normal} 1-0

[Event "Rated Blitz game"]
[Site "?"]
[Date "2021.02.06"]
[Round "?"]
[White "maldaj"]
[Black "Schachelite"]
[Result "0-1"]
[WhiteElo "2405"]
[BlackElo "2445"]
[PlyCount "116"]
[EventDate "2021.??.??"]
[EventType "blitz"]

1. e4 e5 2. Nf3 d5 3. exd5 e4 4. Qe2 Nf6 5. Nc3 Be7 6. Nxe4 O-O 7. d3 Re8 8. c4
c6 9. dxc6 Nxc6 10. Be3 Bb4+ 11. Bd2 Bg4 12. O-O-O Nd4 13. Bxb4 Nxe2+ 14. Bxe2
Rc8 15. Bc3 Nxe4 16. dxe4 Qe7 17. Bd3 b5 18. cxb5 Rxc3+ 19. bxc3 Qa3+ 20. Kb1
Qxc3 21. Bc2 Rc8 22. Bb3 Bxf3 23. gxf3 Qxf3 24. Bd5 g6 25. Rc1 Rxc1+ 26. Rxc1
Qxf2 27. Rc8+ Kg7 28. Rc7 Qg1+ 29. Kb2 Qxh2+ 30. Rc2 Qe5+ 31. Kb3 h5 32. a4 h4
33. Rf2 f5 34. Bc4 Qxe4 35. Re2 Qf3+ 36. Kb4 h3 37. Re7+ Kf6 38. Rf7+ Kg5 39.
Rh7 Qg3 40. a5 h2 41. b6 axb6 42. axb6 Qe1+ 43. Kb5 h1=Q 44. Rxh1 Qxh1 45. Kc5
Qb7 46. Bd5 Qb8 47. b7 Kf4 48. Kd4 g5 49. Kd3 g4 50. Ke2 g3 51. Kf1 Kg4 52. Kg2
f4 53. Bf3+ Kg5 54. Kh3 Qe5 55. b8=Q Qxb8 56. Kg2 Qb2+ 57. Kg1 Qf2+ 58. Kh1
Qh2# {Normal} 0-1

[Event "Rated Blitz tournament kle1UACc"]
[Site "?"]
[Date "2021.02.06"]
[Round "?"]
[White "venajalainen"]
[Black "vovaches"]
[Result "1-0"]
[WhiteElo "2800"]
[BlackElo "2588"]
[PlyCount "27"]
[EventDate "2021.??.??"]
[EventType "blitz"]

1. e4 e5 2. Nf3 d5 3. exd5 e4 4. Qe2 Nf6 5. d3 Qxd5 6. Nbd2 Nc6 7. dxe4 Qe6 8.
Qc4 Qd7 9. Bd3 Bd6 10. O-O O-O 11. Re1 Ng4 12. Nf1 Qe7 13. Bg5 Bxh2+ 14. N1xh2
{Normal} 1-0

[Event "Rated Blitz tournament aKj8P3Fb"]
[Site "?"]
[Date "2021.02.06"]
[Round "?"]
[White "Romannov_4824644"]
[Black "batasjon"]
[Result "0-1"]
[WhiteElo "2444"]
[BlackElo "2298"]
[PlyCount "45"]
[EventDate "2021.??.??"]
[EventType "blitz"]

1. e4 e5 2. Nf3 d5 3. d4 dxe4 4. Nxe5 Bd6 5. Nc4 Nf6 6. Nc3 O-O 7. Bg5 Be7 8.
Be2 Nc6 9. d5 Nxd5 10. Bxe7 Ncxe7 11. Nxe4 Be6 12. Nc5 Nc6 13. Nxe6 fxe6 14.
O-O Qg5 15. Bg4 Nf4 16. g3 h5 17. Bf3 Rad8 18. Qc1 Nd4 19. Qd1 Nxf3+ 20. Qxf3
Nh3+ 21. Kg2 Rxf3 22. Kxf3 Qd5+ 23. Ke2 {Normal} 0-1

[Event "Rated Blitz game"]
[Site "?"]
[Date "2021.02.06"]
[Round "?"]
[White "Fivezero"]
[Black "Schachelite"]
[Result "1-0"]
[WhiteElo "2391"]
[BlackElo "2451"]
[PlyCount "85"]
[EventDate "2021.??.??"]
[EventType "blitz"]

1. e4 e5 2. Nf3 d5 3. exd5 e4 4. Qe2 Nf6 5. d3 Qxd5 6. dxe4 Qxe4 7. Nc3 Bb4 8.
Bd2 Qxe2+ 9. Bxe2 O-O 10. O-O-O c6 11. h3 Be6 12. Ng5 Bf5 13. g4 Bg6 14. f4
Bxc3 15. Bxc3 Ne4 16. Nxe4 Bxe4 17. Rhe1 Bd5 18. b3 Nd7 19. Bxg7 Kxg7 20. c4
Be6 21. f5 Bxf5 22. gxf5 Ne5 23. Rd6 f6 24. Rg1+ Kh6 25. Rd4 Ng6 26. fxg6 hxg6
27. Rh4+ Kg7 28. Rhg4 g5 29. h4 Rae8 30. Bd3 Re5 31. hxg5 fxg5 32. Rxg5+ Rxg5
33. Rxg5+ Kf6 34. Rf5+ Ke7 35. Rxf8 Kxf8 36. c5 Ke7 37. Kd2 Ke6 38. Kc3 Kd5 39.
b4 b6 40. Bc4+ Ke5 41. Bf7 Ke4 42. Kc4 Ke5 43. Be8 {Normal} 1-0

[Event "Rated Blitz game"]
[Site "?"]
[Date "2021.02.06"]
[Round "?"]
[White "KoronaVirusMaster"]
[Black "oALJHoNz"]
[Result "1/2-1/2"]
[WhiteElo "2362"]
[BlackElo "2509"]
[PlyCount "84"]
[EventDate "2021.??.??"]
[EventType "blitz"]

1. e4 e5 2. Nf3 d5 3. exd5 e4 4. Qe2 Nf6 5. Nc3 Be7 6. Nxe4 O-O 7. d3 Qxd5 8.
Nxf6+ Bxf6 9. Qd1 Re8+ 10. Be2 Qe6 11. c3 Nc6 12. Be3 Qg4 13. O-O Qg6 14. Re1
Bh3 15. Bf1 Rad8 16. d4 Bg4 17. Kh1 Ne5 18. Be2 Qh5 19. Nxe5 Bxe5 20. g3 Bxg3
21. fxg3 Rxe3 22. Bxg4 Rxe1+ 23. Qxe1 Qxg4 24. Kg2 h6 25. Qe7 Rd7 26. Qe8+ Kh7
27. Rf1 Kg6 28. Re1 Qf5 29. h3 Rd6 30. g4 Qd5+ 31. Kh2 Rf6 32. Re2 Qxa2 33.
Qe4+ Kg5 34. Rg2 Qe6 35. Qd3 Qd6+ 36. Kh1 Qf4 37. h4+ Kxh4 38. Rh2+ Kg5 39.
Qb5+ Kg6 40. Qd3+ Kg5 41. Qb5+ Kg6 42. Qd3+ Kg5 {Normal} 1/2-1/2

[Event "Rated Blitz game"]
[Site "?"]
[Date "2021.02.06"]
[Round "?"]
[White "JHeircount64"]
[Black "saufmeister"]
[Result "0-1"]
[WhiteElo "2345"]
[BlackElo "2497"]
[PlyCount "94"]
[EventDate "2021.??.??"]
[EventType "blitz"]

1. e4 e5 2. Nf3 d5 3. exd5 e4 4. Qe2 Nf6 5. Nc3 Be7 6. Nxe4 Nxd5 7. d4 O-O 8.
c3 Re8 9. Bd2 Bf6 10. O-O-O Bf5 11. Nxf6+ Nxf6 12. Qb5 Qc8 13. Ne5 Nc6 14. f4
Nxe5 15. fxe5 c6 16. Qb3 Nd5 17. Bc4 b5 18. Be2 a5 19. a3 a4 20. Qa2 Qe6 21.
Bf3 h6 22. h3 Bh7 23. Rhe1 Qg6 24. Be4 Qe6 25. Bxh7+ Kxh7 26. Qb1+ Kg8 27. g4
c5 28. Qf5 cxd4 29. Qxe6 Rxe6 30. cxd4 Rc6+ 31. Kb1 Rc4 32. Be3 b4 33. axb4 a3
34. Bc1 Rxb4 35. Rd3 axb2 36. Bxb2 Rab8 37. Re2 Nf4 38. Rdd2 Nxe2 39. Rxe2 Rxd4
40. Kc2 Rc4+ 41. Bc3 Rbc8 42. Re3 Rf4 43. Kb3 Rfc4 44. Bb2 R4c5 45. e6 fxe6 46.
Rxe6 Rb8+ 47. Ka2 Rc2 {Normal} 0-1

[Event "Rated Blitz tournament aKj8P3Fb"]
[Site "?"]
[Date "2021.02.06"]
[Round "?"]
[White "Cabaret"]
[Black "batasjon"]
[Result "0-1"]
[WhiteElo "2405"]
[BlackElo "2307"]
[PlyCount "74"]
[EventDate "2021.??.??"]
[EventType "blitz"]

1. e4 e5 2. Nf3 d5 3. exd5 e4 4. Qe2 Nf6 5. Nc3 Be7 6. Nxe4 O-O 7. Nxf6+ Bxf6
8. d4 Qxd5 9. c3 Bg4 10. Be3 Nc6 11. Qd1 Bxf3 12. Qxf3 Qa5 13. Qd1 Rad8 14. Be2
Bxd4 15. Bxd4 Nxd4 16. O-O Nf3+ 17. Bxf3 Rxd1 18. Rfxd1 c6 19. a4 g5 20. Rd7
Qf5 21. Rxb7 g4 22. Be2 Qf4 23. g3 Qe4 24. Bf1 Rd8 25. Bg2 Qc2 26. Bxc6 Rd1+
27. Rxd1 Qxd1+ 28. Kg2 f5 29. c4 h5 30. Bd5+ Kh8 31. b4 h4 32. gxh4 Qd3 33. a5
f4 34. b5 Qh3+ 35. Kg1 f3 36. Rb8+ Kg7 37. Rg8+ Kf6 {Normal} 0-1

[Event "Rated Blitz game"]
[Site "?"]
[Date "2021.02.06"]
[Round "?"]
[White "DmitryMaximov"]
[Black "Fantastic_power06"]
[Result "0-1"]
[WhiteElo "2649"]
[BlackElo "2613"]
[PlyCount "106"]
[EventDate "2021.??.??"]
[EventType "blitz"]

1. e4 e5 2. Nf3 d5 3. Qe2 Nf6 4. Nxe5 Bd6 5. d4 O-O 6. exd5 Nxd5 7. Qf3 Nb4 8.
Bd3 Bxe5 9. dxe5 N8c6 10. Bf4 Nd4 11. Qd1 Bg4 12. f3 Nxd3+ 13. cxd3 Bf5 14. Nc3
Ne6 15. Bg3 Bxd3 16. Qd2 c5 17. Bf2 c4 18. Be3 a6 19. Kf2 b5 20. a3 Qb8 21. f4
Rd8 22. Rae1 a5 23. a4 b4 24. Nd1 Qb7 25. Kg3 Qe4 26. h3 Rac8 27. Bb6 Qg6+ 28.
Kh2 Rd5 29. Ne3 Nxf4 30. Nxd5 Nxd5 31. Bxa5 c3 32. bxc3 bxc3 33. Qf2 c2 34. Bd2
h5 35. a5 Ne7 36. Re3 Bf5 37. Rc1 Qe6 38. Kg1 Nd5 39. Rg3 Qxe5 40. Bh6 g6 41.
Re1 Qf6 42. a6 Be6 43. Qxf6 Nxf6 44. a7 Bd5 45. Ra3 Ne4 46. Be3 Ba8 47. Rc1 f5
48. Ra2 Re8 49. Rcxc2 Nf6 50. Bd4 Kf7 51. Rc7+ Ke6 52. Ra6+ Kd5 53. Bxf6 Re1+ {
Time forfeit} 0-1

[Event "Rated Blitz tournament Z32tPxvU"]
[Site "?"]
[Date "2021.02.06"]
[Round "?"]
[White "KARUNIA_BBC"]
[Black "FTR_BBC"]
[Result "1-0"]
[WhiteElo "2328"]
[BlackElo "2401"]
[PlyCount "87"]
[EventDate "2021.??.??"]
[EventType "blitz"]

1. e4 e5 2. Nf3 d5 3. exd5 e4 4. Qe2 Be7 5. Qxe4 Nf6 6. Qa4+ Nbd7 7. c4 O-O 8.
d4 a5 9. Qc2 b5 10. b3 a4 11. Bb2 Nb6 12. Be2 g6 13. O-O Bf5 14. Qc1 Re8 15.
Re1 Ne4 16. Nbd2 a3 17. Bc3 b4 18. Nxe4 Bxe4 19. Bd2 Bf6 20. Bxb4 Bxf3 21. Bxf3
Bxd4 22. Rb1 Bb2 23. Qf4 Rb8 24. Bc5 Nd7 25. Bd4 Bxd4 26. Qxd4 Qg5 27. h4 Qh6
28. d6 cxd6 29. Qxd6 Nf8 30. Bd5 Qxh4 31. Qc7 Qf6 32. Rbd1 Rec8 33. Qe5 Qb6 34.
Qf4 Qa7 35. Qf6 Re8 36. c5 Qc7 37. c6 Rbd8 38. Bc4 Rxd1 39. Rxd1 h6 40. g3 h5
41. Rd7 Nxd7 42. Qxf7+ Kh8 43. Qxe8+ Kg7 44. Qf7+ {Normal} 1-0

[Event "Rated Blitz game"]
[Site "?"]
[Date "2021.02.06"]
[Round "?"]
[White "terrorboy"]
[Black "oALJHoNz"]
[Result "1-0"]
[WhiteElo "2442"]
[BlackElo "2440"]
[PlyCount "68"]
[EventDate "2021.??.??"]
[EventType "blitz"]

1. e4 e5 2. Nf3 d5 3. Nxe5 dxe4 4. d4 Bd6 5. Nc4 Nc6 6. Nc3 Nf6 7. Bg5 Bf5 8.
Ne3 Bg6 9. Be2 Bb4 10. d5 Ne5 11. Qd4 Bd6 12. O-O-O Ned7 13. Nc4 O-O 14. Nxd6
cxd6 15. Bf4 Nc5 16. g4 a6 17. h4 h6 18. h5 Bh7 19. g5 hxg5 20. Bxg5 Ncd7 21.
Rdg1 Kh8 22. h6 Rg8 23. hxg7+ Rxg7 24. Nxe4 Rg6 25. Nxf6 Nxf6 26. Bxf6+ Qxf6
27. Qxf6+ Rxf6 28. Bd3 Rg6 29. Bxg6 fxg6 30. Re1 Rg8 31. Re7 Rg7 32. Rxg7 Kxg7
33. Re1 Kf8 34. Re6 Bg8 {Normal} 1-0

[Event "Rated Blitz game"]
[Site "?"]
[Date "2021.02.06"]
[Round "?"]
[White "JurajMatejovic_SK"]
[Black "Schachelite"]
[Result "1-0"]
[WhiteElo "2411"]
[BlackElo "2448"]
[PlyCount "107"]
[EventDate "2021.??.??"]
[EventType "blitz"]

1. e4 e5 2. Nf3 d5 3. exd5 e4 4. Qe2 Nf6 5. d3 Qxd5 6. Nbd2 Nc6 7. Nxe4 Be6 8.
Nfg5 O-O-O 9. Nxe6 Qxe6 10. c3 Nxe4 11. dxe4 Ne5 12. Qe3 Ng4 13. Qxa7 Qxe4+ 14.
Be3 Be7 15. Bb5 c6 16. Qa8+ Kc7 17. Qa5+ Kc8 18. Qa8+ Kc7 19. Qa5+ Kc8 20. Qa8+
Kc7 21. Qa5+ Kd7 22. O-O-O+ Ke6 23. Ba4 Nxe3 24. fxe3 Rxd1+ 25. Rxd1 Qxe3+ 26.
Kb1 g6 27. Bb3+ Kf6 28. Rf1+ Kg7 29. Rxf7+ Kh6 30. Rf1 Rd8 31. Bc2 Rd2 32. Qa4
Bg5 33. Qg4 Re2 34. Qh3+ Kg7 35. Qxe3 Rxe3 36. a4 Re2 37. Rg1 Be3 38. Rf1 Rxg2
39. h3 Rg1 40. Rxg1 Bxg1 41. b4 g5 42. Ka2 h5 43. Kb3 g4 44. hxg4 hxg4 45. Be4
g3 46. Bg2 Bf2 47. Kc4 Kf6 48. Kd3 Ke5 49. Ke2 Kd6 50. Kd3 b6 51. c4 c5 52. b5
Kc7 53. Ke4 Kd6 54. a5 {Time forfeit} 1-0

[Event "Rated Blitz game"]
[Site "?"]
[Date "2021.02.06"]
[Round "?"]
[White "antid0te"]
[Black "ferricerve"]
[Result "1/2-1/2"]
[WhiteElo "2449"]
[BlackElo "2464"]
[PlyCount "145"]
[EventDate "2021.??.??"]
[EventType "blitz"]

1. e4 e5 2. Nf3 d5 3. Nxe5 Bd6 4. d4 dxe4 5. Bc4 Bxe5 6. Qh5 Qe7 7. Qxe5 Qxe5
8. dxe5 Nc6 9. Bf4 Nge7 10. e6 Bxe6 11. Bxe6 fxe6 12. Bxc7 Nd5 13. Bg3 e3 14.
Na3 O-O 15. f3 Nd4 16. c3 Nf5 17. Be5 Nh4 18. O-O Rf5 19. Bg3 Ng6 20. Rfe1 Rc8
21. Nc2 Ngf4 22. Nxe3 Nxe3 23. Rxe3 Kf7 24. Rd1 Nd5 25. Re4 b5 26. a4 a6 27.
axb5 axb5 28. Ra1 Kf6 29. Ra6 b4 30. Raxe6+ Kf7 31. cxb4 Rc1+ 32. Re1 Rxe1+ 33.
Rxe1 Nxb4 34. Re5 Rf6 35. Rb5 Nd3 36. h3 Rc6 37. Rb7+ Kf6 38. Bh4+ Kg6 39. Bd8
Rc1+ 40. Kh2 Rc2 41. Rb6+ Kf7 42. b4 Ne1 43. f4 Rxg2+ 44. Kh1 Rb2 45. Bc7 Nf3
46. f5 Nd4 47. Be5 Rb1+ 48. Kg2 Nxf5 49. Rb7+ Kg6 50. b5 Ne3+ 51. Kf3 Nc4 52.
Rxg7+ Kf5 53. Bd4 Rb3+ 54. Kg2 Rxb5 55. Rxh7 Ke4 56. Bf2 Rg5+ 57. Kh2 Nd2 58.
Re7+ Kf3 59. Rf7+ Ke2 60. Bg3 Nf1+ 61. Rxf1 Kxf1 62. h4 Rb5 63. Kh3 Ke2 64. Kg4
Ke3 65. Bf4+ Ke4 66. h5 Rf5 67. Bg5 Rf1 68. h6 Rg1+ 69. Kh5 Kf5 70. Bh4 Rg8 71.
h7 Rh8 72. Kh6 Rxh7+ 73. Kxh7 {Normal} 1/2-1/2

[Event "Rated Blitz tournament HVYXa1Fh"]
[Site "?"]
[Date "2021.02.06"]
[Round "?"]
[White "divergent_twin"]
[Black "om_gendut"]
[Result "1/2-1/2"]
[WhiteElo "2439"]
[BlackElo "2341"]
[PlyCount "125"]
[EventDate "2021.??.??"]
[EventType "blitz"]

1. e4 e5 2. Nf3 d5 3. Nxe5 Bd6 4. d4 dxe4 5. Bc4 Bxe5 6. Qh5 Qe7 7. Qxe5 Qxe5
8. dxe5 Nc6 9. Nc3 Bd7 10. Bf4 Nge7 11. O-O-O Ng6 12. Bg3 Ngxe5 13. Bb3 O-O-O
14. Nxe4 f6 15. f3 Bf5 16. Nc3 Rhe8 17. Rhe1 Rxd1+ 18. Nxd1 Rd8 19. Nc3 Bg6 20.
f4 Ng4 21. h3 Nh6 22. Bf2 Bf7 23. g4 Bxb3 24. axb3 Nf7 25. h4 Nd6 26. Nd5 Re8
27. Rxe8+ Nxe8 28. f5 Nd6 29. Nc3 Kd7 30. Kd2 Ne5 31. g5 fxg5 32. hxg5 Nxf5 33.
Ne4 Nd6 34. Nc5+ Ke7 35. Bd4 Nf3+ 36. Ke3 Nxg5 37. Bxg7 b6 38. Bh6 Ne6 39. Nxe6
Kxe6 40. Bf4 Nf5+ 41. Kd3 c6 42. c3 h5 43. Ke4 Nd6+ 44. Kf3 Nf7 45. Kg3 Kf5 46.
Be3 Ne5 47. Kh4 Nd3 48. Kxh5 Nxb2 49. Kh4 Ke4 50. Bd2 Kd3 51. Be1 Nd1 52. c4
Ne3 53. Kg3 Nc2 54. Bf2 Nd4 55. Kf4 Nxb3 56. Ke5 Na5 57. Kd6 Nxc4+ 58. Kc7 c5
59. Kc6 Kc3 60. Kb5 Kb3 61. Bxc5 a5 62. Bxb6 Nxb6 63. Kxa5 {Normal} 1/2-1/2

[Event "Rated Blitz game"]
[Site "?"]
[Date "2021.02.06"]
[Round "?"]
[White "bingo95"]
[Black "Fantastic_power06"]
[Result "0-1"]
[WhiteElo "2491"]
[BlackElo "2590"]
[PlyCount "128"]
[EventDate "2021.??.??"]
[EventType "blitz"]

1. e4 e5 2. Nf3 d5 3. exd5 e4 4. Qe2 Nf6 5. d3 Qxd5 6. Ng5 Nc6 7. c3 Be7 8.
dxe4 Qc5 9. Be3 Qa5 10. Nd2 Ng4 11. Nb3 Qe5 12. f4 Qf6 13. O-O-O O-O 14. Bd2 a5
15. h3 a4 16. Na1 Nh6 17. g4 a3 18. b3 Nb4 19. Kb1 Rd8 20. e5 Qg6+ 21. Ne4 Nxg4
22. cxb4 Bf5 23. hxg4 Bxe4+ 24. Kc1 Bxh1 25. Bg2 Bxg2 26. Qxg2 Qd3 27. Nc2 Ra6
28. Qf1 Rc6 29. Qxd3 Rxd3 30. b5 Rc5 31. Kb1 Rcd5 32. Kc1 Rxb5 33. Ne1 Rc5+ 34.
Kb1 Rd8 35. Nf3 Rcd5 36. Kc2 Bb4 37. Bxb4 Rxd1 38. Bd2 R1xd2+ 39. Nxd2 g5 40.
f5 Re8 41. Nf3 h6 42. Kd3 Kf8 43. Ke4 Ke7 44. Nd4 Rd8 45. f6+ Ke8 46. Nf5 Rd2
47. Nxh6 Rxa2 48. Kf5 Re2 49. Kxg5 a2 50. Nf5 a1=Q 51. Ng7+ Kf8 52. Nf5 Qxe5
53. Kh5 Rf2 54. Kg5 Rxf5+ 55. gxf5 Qc3 56. Kf4 Qxb3 57. Kg5 c5 58. Kh6 c4 59.
Kg5 Qg3+ 60. Kh5 Qg8 61. Kh6 c3 62. Kh5 c2 63. Kh4 c1=Q 64. Kh3 Qh6# {Normal}
0-1

[Event "Rated Blitz tournament kle1UACc"]
[Site "?"]
[Date "2021.02.06"]
[Round "?"]
[White "Belousov1996"]
[Black "vovaches"]
[Result "0-1"]
[WhiteElo "2278"]
[BlackElo "2575"]
[PlyCount "44"]
[EventDate "2021.??.??"]
[EventType "blitz"]

1. e4 e5 2. Nf3 d5 3. Nxe5 Bd6 4. d4 dxe4 5. Nc4 Nf6 6. Nxd6+ Qxd6 7. Be2 O-O
8. Be3 Rd8 9. Nc3 c5 10. dxc5 Qe7 11. Qc1 Nbd7 12. O-O Ne5 13. Nb5 Bg4 14. Bxg4
Nfxg4 15. h3 Nf6 16. Qe1 a6 17. Na3 Qe6 18. Qc3 Nf3+ 19. gxf3 Qxh3 20. f4 Ng4
21. Rfe1 Nh2 22. f3 exf3 {Normal} 0-1

[Event "Rated Blitz game"]
[Site "?"]
[Date "2021.02.06"]
[Round "?"]
[White "StephanBecking"]
[Black "saufmeister"]
[Result "0-1"]
[WhiteElo "2469"]
[BlackElo "2406"]
[PlyCount "128"]
[EventDate "2021.??.??"]
[EventType "blitz"]

1. e4 e5 2. Nf3 d5 3. exd5 e4 4. Nd4 Qxd5 5. Nb3 Nf6 6. Nc3 Qe5 7. Be2 Nc6 8.
O-O Bf5 9. d4 exd3 10. Bxd3 O-O-O 11. Re1 Rxd3 12. cxd3 Qd6 13. Qf3 Qxd3 14.
Qxd3 Bxd3 15. Bg5 Bd6 16. Rad1 Bc4 17. Nd2 Be6 18. Bxf6 gxf6 19. Nde4 Be5 20.
g3 h5 21. f4 Bd4+ 22. Kg2 f5 23. Ng5 Bxc3 24. bxc3 Bxa2 25. Rd2 Bb3 26. h4 a5
27. Nf3 a4 28. Ne5 Nxe5 29. Rxe5 b6 30. Rxf5 a3 31. Re5 f6 32. Re1 Kb7 33. Ra1
Ra8 34. Kf3 f5 35. Ke3 Kc6 36. Kd4 Kb5 37. Ke5 Kc4 38. Kxf5 Kxc3 39. Rf2 b5 40.
Kg5 b4 41. f5 c5 42. f6 Bf7 43. Kh6 b3 44. Rc1+ Kb4 45. Rb1 c4 46. Kg7 Bd5 47.
f7 Bxf7 48. Kxf7 c3 49. Rf4+ Kc5 50. Rxb3 a2 51. Rxc3+ Kd5 52. Rc1 a1=Q 53.
Rxa1 Rxa1 54. Kg6 Re1 55. Kxh5 Re6 56. Kg4 Kd6 57. Kf3 Rg6 58. Re4 Rf6+ 59. Rf4
Rg6 60. g4 Re6 61. Rd4+ Ke7 62. Rf4 Rd6 63. Kg2 Rd3 64. Rf3 Rd2+ {Time forfeit}
0-1

[Event "Rated Blitz game"]
[Site "?"]
[Date "2021.02.06"]
[Round "?"]
[White "gogotaniye"]
[Black "Fantastic_power06"]
[Result "0-1"]
[WhiteElo "2639"]
[BlackElo "2604"]
[PlyCount "133"]
[EventDate "2021.??.??"]
[EventType "blitz"]

1. e4 e5 2. Nf3 d5 3. exd5 e4 4. Qe2 Nf6 5. d3 Qxd5 6. Nbd2 Nc6 7. dxe4 Qc5 8.
c3 Be6 9. Nb3 Qh5 10. Ng5 Qxe2+ 11. Bxe2 Bxb3 12. axb3 h6 13. Nf3 Nxe4 14. b4
O-O-O 15. O-O a6 16. Be3 Nd6 17. Rfd1 Be7 18. b5 axb5 19. Ra8+ Kd7 20. Rxd8+
Rxd8 21. Bxb5 Kc8 22. Bxc6 bxc6 23. Ne5 Kb7 24. Ra1 Ra8 25. Rxa8 Kxa8 26. Nxc6
Bf6 27. Bd4 Bxd4 28. Nxd4 c5 29. Nb3 c4 30. Nd2 Kb7 31. Kf1 Kc6 32. Ke2 Kd5 33.
Nf1 Kc5 34. Ne3 g6 35. h4 Nc8 36. Kd2 Nd6 37. f3 Nb7 38. Kc2 Na5 39. Ng4 f5 40.
Nxh6 Kd5 41. h5 gxh5 42. Nxf5 Ke5 43. g4 Kf4 44. Kb1 Kg5 45. Ka2 h4 46. Nxh4
Kxh4 47. Ka3 Nb3 48. Kb4 Nd2 49. Kc5 Kg5 50. Kd4 Kf4 51. g5 Kxg5 52. Ke3 Nb3
53. Ke4 Kf6 54. f4 Ke6 55. f5+ Kf6 56. Kf4 Nd2 57. Ke3 Nb3 58. Kf4 Nc5 59. Ke3
Na4 60. Ke4 Nxb2 61. Kf4 Na4 62. Ke4 Nb6 63. Kf4 Nd7 64. Ke4 Ne5 65. Kd4 Kxf5
66. Kd5 Kf4 67. Kd4 {Normal} 0-1

[Event "Rated Blitz game"]
[Site "?"]
[Date "2021.02.06"]
[Round "?"]
[White "lmca1234"]
[Black "oALJHoNz"]
[Result "0-1"]
[WhiteElo "2321"]
[BlackElo "2488"]
[PlyCount "70"]
[EventDate "2021.??.??"]
[EventType "blitz"]

1. e4 e5 2. Nf3 d5 3. Nxe5 dxe4 4. d4 Bd6 5. Qh5 g6 6. Qe2 f5 7. Nc4 Nc6 8. c3
Be6 9. g3 Nf6 10. Bg2 Qe7 11. Nxd6+ Qxd6 12. O-O O-O-O 13. Na3 h6 14. Be3 Kb8
15. Rfd1 g5 16. c4 f4 17. Nb5 Qb4 18. gxf4 Bg4 19. Qd2 Bxd1 20. Qxb4 Nxb4 21.
Rxd1 gxf4 22. Bxf4 Rd7 23. a3 Nd3 24. Be3 Rg8 25. Kf1 Nxb2 26. Rc1 a6 27. Rc2
Nxc4 28. Rxc4 axb5 29. Rc5 c6 30. Bf4+ Ka7 31. Bxh6 Rxd4 32. Be3 Rd1+ 33. Ke2
Rd3 34. Rf5+ Rxe3+ 35. fxe3 Rxg2+ {Normal} 0-1